=LDR 00000nam 2200000 4500 =001 INLIS000000000022888 =005 20130612121611 =008 ***********************************Ind** =035 ##$$0010-061300000022888 =041 ##$$a Ind =082 ##$$a 635.9 =090 ##$$a 635.9, Sub-m =100 ##$$a Subono, Maryani =245 ##$$a Meningkatkan kualitas anglaonema sang ratu pembawa rezeki, Maryani Subono, Agus Andoko =260 ##$$a 2006 $b Jakarta =300 ##$$a vi, 74 hlm., ilus, 24 cm =850 ##$$a NBPNMAT